Statistiques concernant Paul Eluard - Liberté

Cliquez ici pour prendre le quiz!

Statistiques générales

  • Ce quiz a été pris 97 fois
  • Le résultat moyen est 200 sur 372

Statistiques - réponses

Réponse% Correct
{Je}
94%
{le}
91%
{de}
89%
{les}
88%
{ton}
87%
{J}'{écris}
85%
{nom}
85%
{la}
83%
{Sur}
83%
{sur}
83%
{Liberté}.
82%
{mon}
76%
{J}'{écris}
71%
{des}
70%
{et}
68%
{Et}
68%
{mes}
67%
{ma}
62%
{d}'{un}
60%
{sa}
60%
{te}
60%
{cahiers}
59%
{d}'{écolier}
55%
{du}
49%
{Du}
49%
{arbres}
46%
{né}
46%
{pour}
45%
{Pour}
45%
{pupitre}
43%
{en}
40%
{mer}
40%
{ou}
40%
{par}
40%
{vie}
40%
{sable}
38%
{se}
37%
{suis}
35%
{blanc}
33%
{toute}
33%
{toutes}
33%
{neige}
32%
{pages}
32%
{papier}
30%
{Pierre}
30%
{feu}
29%
{sans}
29%
{tous}
29%
{blanches}
28%
{murs}
28%
{nommer}
28%
{montagne}
26%
{connaître}
24%
{mot}
24%
{pouvoir}
24%
{cendre}
23%
{sang}
23%
{lues}
22%
{nuits}
22%
{enfance}
21%
{qui}
21%
{ses}
21%
{armes}
20%
{guerriers}
20%
{nuages}
20%
{recommence}
20%
{soleil}
20%
{main}
18%
{lune}
17%
{chaque}
16%
{journées}
16%
{maisons}
16%
{mort}
16%
{ailes}
15%
{bateaux}
15%
{dorées}
15%
{l}'{écho}
15%
{moulin}
15%
{oiseaux}
15%
{rois}
15%
{amis}
13%
{couronne}
13%
{désert}
13%
{front}
13%
{genêts}
13%
{jungle}
13%
{pain}
13%
{tend}
13%
{champs}
12%
{chien}
12%
{lit}
12%
{chambre}
11%
{chiffons}
11%
{images}
11%
{lac}
11%
{l}'{espoir}
11%
{l}'{horizon}
11%
{merveilles}
11%
{nids}
11%
{ombres}
11%
{porte}
11%
{réunies}
11%
{routes}
11%
{saisons}
11%
{démente}
10%
{fiancées}
10%
{gourmand}
10%
{l}'{étang}
10%
{moisi}
10%
{pluie}
10%
{souvenir}
10%
{tendre}
10%
{vivante}
10%
{couleurs}
9%
{d}'{azur}
9%
{disparu}
9%
{marches}
9%
{mousse}
9%
{risque}
9%
{santé}
9%
{s}'{éteint}
9%
{vide}
9%
{bouffée}
7%
{d}'{aurore}
7%
{épaisse}
7%
{fade}
7%
{fruit}
7%
{lampe}
7%
{l}'{orage}
7%
{miroir}
7%
{revenue}
7%
{s}'{allume}
7%
{au}-{dessus}
6%
{chair}
6%
{cloches}
6%
{coquille}
6%
{deux}
6%
{éveillés}
6%
{lèvres}
6%
{nue}
6%
{patte}
6%
{physique}
6%
{sentiers}
6%
{sueurs}
6%
{vérité}
6%
{accordée}
5%
{coupé}
5%
{déployées}
5%
{désir}
5%
{détruits}
5%
{écroulés}
5%
{familiers}
5%
{flot}
5%
{formes}
5%
{l}'{absence}
5%
{objets}
5%
{oreilles}
5%
{phares}
5%
{refuges}
5%
{scintillantes}
5%
{solitude}
5%
{tremplin}
5%
{béni}
4%
{Bien}
4%
{débordent}
4%
{dressées}
4%
{ennui}
4%
{maladroite}
4%
{places}
4%
{vitre}
4%
{attentives}
2%
{silence}
2%
{surprises}
2%

Distribution des résultats

Percentile par nombre de réponses

% des personnes avec chaque résultat

Votre développement - résultats

Vous n’avez pas pris ce quiz